| 000 | 01550nam a2200349 a 4500 | ||
|---|---|---|---|
| 001 | 000012928 | ||
| 003 | DO-SdBNP | ||
| 005 | 20180313095116.0 | ||
| 007 | 000012928 | ||
| 008 | 091118s2005 dr ac 000 0 spa d | ||
| 020 | _a9945110438 | ||
| 040 |
_aBPMSU _bspa _cBPMSU |
||
| 092 |
_axxxx _bL566 |
||
| 100 | _aCampusano, Martha | ||
| 245 | 0 | 0 |
_aLengua y literatura 2 : _bsegundo curso primer ciclo educación media / _cMartha Campusano ; Manuel García-Cartagena |
| 246 | _aEducación media | ||
| 260 |
_aSanto Domingo : _bSantillana, _c2005. |
||
| 300 |
_a279 p. : _bil., retrs. ; _c28 cm. |
||
| 490 | 1 | _aÁmbar | |
| 500 | _aLa biblioteca solamente posee los volumenes 2 | ||
| 505 | 0 |
_av. 2 : _g2do. curso/ 1er. ciclo _gunidad 1 -- _tVivir para aprender -- _gunidad 2 -- _tEl deber histórico -- _gunidad 3 -- _tCreer para vivir -- _gunidad 4 -- _tNos hacemos trabajando -- _gunidad 5 -- _tCreer para crear -- _gunidad 6 -- _tEl lugar donde vivimos -- _gunidad 7 -- _tTu vida es tu historia -- _gunidad 8 -- _t¿Vives como piensas? -- _gunidad 9 -- _tEl teatro de la vida -- _gunidad 10 -- _tEl deber de recordar -- |
|
| 650 |
_aGRAMÄTICA _xENSEÑANZA SECUNDARIA |
||
| 650 |
_aEDUCACIÓN SECUNDARIA _xREPÚBLICA DOMINICANA |
||
| 650 |
_aGRAMÁTICA _xLIBROS DE TEXTO |
||
| 650 |
_aGRAMÁTICA _xESTUDIOS Y EJERCICIOS |
||
| 700 | 1 | _aGarcía Cartagena, Manuel | |
| 830 | 0 | _aÁmbar | |
| 942 |
_2ddc _cBK |
||
| 945 | _aRemanejado para la BNPHU / 2018 BT | ||
| 956 |
_adaysi garcia _b10 _c20150805 _lBND01 _h1303 |
||
| 956 |
_aVMATEO _b10 _c20150813 _lBPMSU _h00151 |
||
| 999 |
_c9847 _d9847 |
||